PR-SOF-2405-Class AB Microwave Power Amplifier (Record no. 613254)

000 -LEADER
fixed length control field 00422nam a22001337a 4500
040 ## - CATALOGING SOURCE
Transcribing agency NUST
082 ## - DEWEY DECIMAL CLASSIFICATION NUMBER
Classification number 220 PRO
100 ## - MAIN ENTRY--PERSONAL NAME
Personal name Muhammad Abdullah Azhar Aiza Naeem Rana Haiqa Ansar
9 (RLIN) 128205
110 ## - MAIN ENTRY--CORPORATE NAME
Corporate name or jurisdiction name as entry element Project Supervisor Dr. Mojeeb Bin Ihsan
9 (RLIN) 113280
245 ## - TITLE STATEMENT
Title PR-SOF-2405-Class AB Microwave Power Amplifier
260 ## - PUBLICATION, DISTRIBUTION, ETC.
Place of publication, distribution, etc. ISLAMABAD:
Name of publisher, distributor, etc. NUST COLLEGE OF EME,
Date of publication, distribution, etc. 2024.
650 ## - SUBJECT ADDED ENTRY--TOPICAL TERM
Topical term or geographic name entry element DE-ELECT-42
9 (RLIN) 127847
942 ## - ADDED ENTRY ELEMENTS (KOHA)
Source of classification or shelving scheme
Koha item type Project Report

No items available.

© 2023 Central Library, National University of Sciences and Technology. All Rights Reserved.